<?xml version="1.0" encoding="UTF-8"?>
<record
    xmlns:xsi="http://www.w3.org/2001/XMLSchema-instance"
    xsi:schemaLocation="http://www.loc.gov/MARC21/slim http://www.loc.gov/standards/marcxml/schema/MARC21slim.xsd"
    xmlns="http://www.loc.gov/MARC21/slim">

  <leader>01245    a2200181   4500</leader>
  <controlfield tag="003">Nust</controlfield>
  <controlfield tag="005">20221014112826.0</controlfield>
  <datafield tag="010" ind1=" " ind2=" ">
    <subfield code="a">   91022890</subfield>
  </datafield>
  <datafield tag="040" ind1=" " ind2=" ">
    <subfield code="c">Nust</subfield>
  </datafield>
  <datafield tag="082" ind1=" " ind2=" ">
    <subfield code="a">604.24,EAR</subfield>
  </datafield>
  <datafield tag="100" ind1=" " ind2=" ">
    <subfield code="a">James H. Earle</subfield>
    <subfield code="9">100304</subfield>
  </datafield>
  <datafield tag="245" ind1=" " ind2=" ">
    <subfield code="a">Graphics for Engnieeris Auto CAD Release 11 /</subfield>
    <subfield code="c">James H. Earle</subfield>
  </datafield>
  <datafield tag="250" ind1=" " ind2=" ">
    <subfield code="a">3rd ed</subfield>
  </datafield>
  <datafield tag="260" ind1=" " ind2=" ">
    <subfield code="a">New York</subfield>
    <subfield code="b">Addision-Wesley</subfield>
    <subfield code="c">1985</subfield>
  </datafield>
  <datafield tag="300" ind1=" " ind2=" ">
    <subfield code="a">xxi,599p;</subfield>
  </datafield>
  <datafield tag="505" ind1=" " ind2=" ">
    <subfield code="a">Introduction to Engineering and Technology (Page-1), The Design Process (Page-15), The Computer in Design and Drafting (Page-41), Lettering (Page-48), Drawing Instruments (Page-57), Geometric Construction (Page-77), Multiview Sketching (Page-106) Multiview Drawing with Instruments (Page-122), Axuiliary Views (Page-152), Sections (Page-170), Screws Fasteners and Springs (Page-189), Gears and Cams (Page-220), Materials and Processes (Page-236), Dimensioning (Page-249), Tolerances (Page-277), Welding (Page-312), Working Drawings (Page-322), Reproduction Methods and Drawing and Drawing Shortcuts (Page-363), Pictorials (Page-370), Descriptive Geometry (Page-404), Civil Engineering Applications (Page-455), Graphs (Page-472), Auto CAD Computer Graphics (Page-491), Introduction to Solid Modeling (Page-593). </subfield>
  </datafield>
  <datafield tag="942" ind1=" " ind2=" ">
    <subfield code="2">ddc</subfield>
    <subfield code="c">BK</subfield>
  </datafield>
  <datafield tag="999" ind1=" " ind2=" ">
    <subfield code="c">182703</subfield>
    <subfield code="d">182703</subfield>
  </datafield>
  <datafield tag="952" ind1=" " ind2=" ">
    <subfield code="0">0</subfield>
    <subfield code="1">0</subfield>
    <subfield code="2">ddc</subfield>
    <subfield code="4">0</subfield>
    <subfield code="7">0</subfield>
    <subfield code="a">MCS</subfield>
    <subfield code="b">MCS</subfield>
    <subfield code="c">GEN</subfield>
    <subfield code="d">2016-12-12</subfield>
    <subfield code="o">604.24,EAR</subfield>
    <subfield code="p">MCS27162</subfield>
    <subfield code="r">2016-12-08</subfield>
    <subfield code="w">2016-12-12</subfield>
    <subfield code="y">BK</subfield>
    <subfield code="z">Almirah No.26, Shelf No.2</subfield>
  </datafield>
</record>
